All DbD Survivor Perks (Release - Sadako) - Statistics

General Stats
  • This quiz has been taken 80 times
    79 since last reset
  • The average score is 49 of 104
Answer Stats
Answer % Correct
Prove Thyself
87%
Sprint Burst
87%
Adrenaline
84%
Self Care
84%
Dead Hard
82%
Botany Knowledge
78%
Leader
78%
Lithe
78%
Balanced Landing
76%
Quick and Quiet
76%
Bond
71%
Iron Will
71%
Unbreakable
71%
Urban Evasion
71%
Decisive Strike
69%
Streetwise
69%
Deliverance
67%
Saboteur
67%
Boon: Circle of Healing
65%
Borrowed Time
65%
Left Behind
65%
No Mither
62%
Technician
62%
Boon: Shadow Step
60%
Calm Spirit
60%
Windows of Opportunity
60%
Alert
58%
Empathy
58%
Head On
58%
Object of Obsession
55%
Ace In The Hole
53%
Off The Record
53%
Any Means Necessary
51%
Boil Over
51%
Dance With Me
51%
Sole Survivor
51%
We’re Gonna Live Forever
51%
Flashbang
49%
Soul Guard
49%
Tenacity
49%
Built To Last
47%
For The People
47%
Mettle of Man
47%
Pharmacy
47%
Smash Hit
47%
Spine Chill
47%
Up The Ante
47%
Autodidact
45%
Blast mine
45%
Breakout
45%
Buckle Up
45%
Deja Vu
45%
Distortion
45%
Kindred
45%
Open Handed
45%
Wake Up!
45%
Boon: Exponential
44%
Parental Guidance
44%
Blood Pact
42%
Boon: Dark Theory
42%
Breakdown
42%
Detective’s Hunch
42%
Flip-flop
42%
We’ll Make It
42%
Lucky Break
40%
No One Left Behind
40%
Red Herring
40%
Clairvoyance
38%
Deception
38%
Diversion
38%
Hope
38%
Overcome
38%
Resilience
38%
Small Game
38%
Bite The Bullet
36%
Dark Sense
36%
Inner Healing
36%
Solidarity
36%
Vigil
36%
Guardian
35%
Power Struggle
35%
Repressed Alliance
35%
Rookie Spirit
35%
Stakeout
35%
Poised
33%
Self Aware
31%
Slippery Meat
31%
Corrective Action
29%
Aftercare
27%
Premonition
27%
Visionary
27%
Fast Track
25%
Lightweight
25%
Resurgence
25%
This Is Not Happening
25%
Appraisal
24%
Counter force
24%
Renewal
24%
Desperate Measures
20%
Empathic Connection
20%
Situational Awareness
20%
Self-preservation
18%
Kinship
16%
Plunderer’s Instinct
13%
No matching quizzes found
Score Distribution
Percent of People with Each Score
Percentile by Number Answered
Your Score History
You have not taken this quiz since the last reset